| 000 | 00720nam a2200205 a 4500 | ||
|---|---|---|---|
| 008 | 060316s1991 ||||||||||||||||| || u | ||
| 020 | _a025608792X | ||
| 050 | _aHF 5429 Bur | ||
| 100 | _aBurstiner, Irving | ||
| 245 | 1 | 0 | _aBasic retailing. (2nd ed.) |
| 250 | _a2nd ed. | ||
| 260 |
_aHomewood : _bIrwin _c1991 |
||
| 300 | _axxix, 770 p. : ill. | ||
| 350 | _a0.00 | ||
| 490 | _aThe Irwin series in marketing | ||
| 500 | _aIncludes bibliographical references and indexes. | ||
| 650 | _aRETAIL TRADE--UNITED STATES--CASE STUDIES | ||
| 650 | _aRETAIL TRADE | ||
| 995 |
_D0.00 _FCBU-MAIN LIBRARY (Kitwe) _H1 _I45.95 _UAVAILABLE _ZMain Library Open Access Collection |
||
| 999 |
_c35609 _d35609 |
||